| 000 | 01074nam a2200313 i 4500 | ||
|---|---|---|---|
| 001 | 000047783 | ||
| 003 | DO-SdBNP | ||
| 005 | 20241009110305.0 | ||
| 007 | ta | ||
| 008 | 240410s2019 dr a r 000 0 spa d | ||
| 020 | _a9788412049121 | ||
| 040 |
_aDO-SdBNP _bspa _cBNPHU _erda |
||
| 082 | 4 |
_aRD863.44 _bT278i _222 |
|
| 245 | 0 | 0 |
_aTemblor de isla : _bmuestrario del cuento dominicano / _cedición, José Rafael Lantigua. |
| 250 | _aPrimera edición | ||
| 264 |
_aSanto Domingo : _bHuerga y Fierro editores, _c©2019. |
||
| 300 |
_a189 páginas ; _c23 cm. |
||
| 336 |
_ardacontent _btexto _2txt |
||
| 337 |
_ardamedia _bsin mediación _2n |
||
| 338 |
_brdacarrier _0volumen _2nc |
||
| 490 |
_aNarrativa ; _v500 |
||
| 500 | _aIncluye datos biográficos del editor en la solapa de la cubierta | ||
| 590 | _aInventariado, 2023 / DG | ||
| 650 | 7 |
_aCuentos dominicanos _2LEMB _914827 |
|
| 650 | 7 |
_98576 _aLiteratura dominicana _2LEMB |
|
| 700 | 1 |
_aLantigua, José Rafael, _d1949- _eedición _4ed. _91438 |
|
| 910 | _aDG/Validado. Control de calidad MFF | ||
| 942 |
_2ddc _cLBS1 |
||
| 999 |
_c57759 _d57759 |
||